01131nam a22003377a 4500003000500000005001700005008004100022010001000063011001000073020001500083035001100098040000900109082001500118100002400133245005900157260003500216300001100251590004100262590004100303590004100344590004200385650003200427650002900459650004000488901000700528911001500535942001000550949007400560999001700634952014200651CHAP20220329143544.0100521s1997 mx r 00010 spa d a98486 a99458 a9681330013 a110144 cCHAP14a368.4bP2900aPazos, Luis.98638410aMi dinero y las Afores, ¿cual elijo?c/por Luis Pazos aMéxico, D.F. :bDIANA,c1997 a147 p. aBATCH-UPDb10c20130110lUCH01h1558 aBATCH-UPDb10c20130410lUCH01h0956 aBATCH-UPDb10c20130914lUCH01h0254 aCONVERSIONb10c20130109lUCH01h135414aAhorro e inversión.9310514aBienestar social.91263514aSeguridad socialzMéxico.9103687 aBK aen proceso cLIBRO a368.4 P29bBCcLIBROd33724002052686eLIBROgI.c/eh112672i110144sb c98486d98486 00102ddc4052708GRALaBCbBCcPA_GRALd2019-12-31eI.c/efLIBROl0o368.4 P29p33724002052686r2019-12-31 00:00:00w2019-12-31yLIBRO